Top 25 Highest Base HP Pokémon - Statistics

General Stats
  • This quiz has been taken 223 times
    113 since last reset
  • The average score is 11 of 25
Answer Stats
Stat Generation Pokemon % Correct
255 II Blissey
94%
250 II Chansey
91%
160 I Snorlax
83%
223 VII Guzzlord
61%
170 III Wailord
55%
216 VI (VII) Zygarde (Complete)
55%
150 III Slaking
53%
200 VIII Regidrago
44%
130 I Lapras
43%
135 IV Munchlax
43%
190 II Wobbuffet
40%
150 IV Giratina
38%
144 III Hariyama
38%
137 VII Lunala
38%
137 VII Solgaleo
38%
150 IX Dondozo
36%
165 V Alomomola
33%
154 IX Iron Hands
33%
150 IV Drifblim
31%
160 IX Terapagos
29%
155 IX Ting-Lu
29%
140 I Wigglytuff
29%
130 I Vaporeon
28%
170 IX Cetitan
25%
135 VII Melmetal
19%
No matching quizzes found
Score Distribution
Percent of People with Each Score
Percentile by Number Answered
Your Score History
You have not taken this quiz since the last reset